Statistics for NFL 2010s All-Decade Team Colleges

Click here to take the quiz!

General Stats

  • This quiz has been taken 127 times
    (10 since last reset)
  • The average score is 40 of 53

Answer Stats

PositionPlayerCollege% Correct
LBPatrick WillisOle Miss
100%
WRJulio JonesAlabama
88%
TERob GronkowskiArizona
88%
DECameron JordanCalifornia
88%
CAlex MackCalifornia
88%
RBMarshawn LynchCalifornia
88%
QBAaron RodgersCalifornia
88%
TETravis KelceCincinnati
88%
CMaurkice PounceyFlorida
88%
DTGeno AtkinsGeorgia
88%
WRCalvin JohnsonGeorgia Tech
88%
CBPatrick PetersonLSU
88%
DBTyrann MathieuLSU
88%
KRDevin HesterMiami
88%
RBFrank GoreMiami
88%
DECalais CampbellMiami
88%
QBTom BradyMichigan
88%
DEJulius PeppersNorth Carolina
88%
RBAdrian PetersonOklahoma
88%
CBDarrelle RevisPittsburgh
88%
WRLarry FitzgeraldPittsburgh
88%
DTAaron DonaldPittsburgh
88%
RBLeSean McCoyPittsburgh
88%
CBRichard ShermanStanford
88%
SEric BerryTennessee
88%
KRCordarrelle PattersonTennessee
88%
KJustin TuckerTexas
88%
SEarl ThomasTexas
88%
LBVon MillerTexas A&M
88%
PShane LechlerTexas A&M
88%
OTTyron SmithUSC
88%
OTJoe ThomasWisconsin
88%
DEJ.J. WattWisconsin
88%
OTJason PetersArkansas
75%
WRAntonio BrownCentral Michigan
75%
OTJoe StaleyCentral Michigan
75%
DTNdamukong SuhNebraska
75%
OGZack MartinNotre Dame
75%
SEric WeddleUtah
75%
LBLuke KuechlyBoston College
63%
OGMarshal YandaIowa
63%
DBChris Harris Jr.Kansas
63%
PRDarren SprolesKansas State
63%
FLEXDarren SprolesKansas State
63%
DTFletcher CoxMississippi State
63%
LBChandler JonesSyracuse
63%
LBBobby WagnerUtah State
63%
LBKhalil MackBuffalo
50%
PJohnny HekkerOregon State
50%
KStephen GostkowskiMemphis
25%
OGJahri EvansBloomsburg
13%
OGLogan MankinsFresno State
13%
PRTyreek HillWest Alabama
13%

Score Distribution

Percentile by Number Answered

Percent of People with Each Score

Your Score History

You have not taken this quiz since the last reset